Zemlje Najbliže u Bosni i Hercegovini - Jedan Minut Sprint - Statistics

General Stats
  • This quiz has been taken 8 times
  • The average score is 8 of 20
Answer Stats
km zemlja % Correct
0 Hrvatska
83%
96 Kosovo
83%
94 Albanija
67%
153 Italija
67%
45 Slovenija
67%
221 Bugarska
50%
0 Crna Gora
50%
282 Grčka
50%
196 Makedonija
50%
0 Srbija
50%
162 Austrija
33%
372 Češka
33%
68 Mađarska
33%
271 San Marino
33%
282 Slovačka
33%
129 Rumunija
17%
438 Švajcarska
17%
400 Vatikan
17%
331 Nemačka
0%
436 Ukrajina
0%
No matching quizzes found
Score Distribution
Percent of People with Each Score
Percentile by Number Answered
Your Score History
You have not taken this quiz